| 000 | 00702nam a22002297a 4500 | ||
|---|---|---|---|
| 003 | SISC | ||
| 005 | 20160404141206.0 | ||
| 008 | 130814t xxu||||| |||| 00| 0 eng d | ||
| 020 | _a0446611093 | ||
| 050 |
_aHG 179 _b.K62 1998 |
||
| 082 |
_aHS 332.024 _bK65 1998 |
||
| 100 |
_aKiyosaki, Robert T. _910101 |
||
| 245 |
_aRich dad, poor dad : _bwhat the rich teach their kids about money-- that the poor and middle class do not! _cRobert T. Kiyosaki. |
||
| 260 |
_aNew York : _bWarner Books Inc, _cc1998. |
||
| 300 |
_a266 p. : _c17 cm. |
||
| 650 |
_aFinance, Personal. _910102 |
||
| 650 |
_aInvestments. _99769 |
||
| 942 |
_2lcc _cBK |
||
| 999 |
_c8533 _d8533 |
||